| 000 | 00944nam a22002297a 4500 | ||
|---|---|---|---|
| 005 | 20240530111001.0 | ||
| 008 | 161016s2013 ua hbf g b 000 0 ara d | ||
| 017 |
_a2012/16357 _bمصر. دار الكتب |
||
| 020 | _a9789776413108 | ||
| 040 |
_aEG-CaGPL _cEG-CaGPL |
||
| 082 | 0 | 4 |
_221 _a355.30953 _bق/م ج |
| 100 | 0 | _aمحمد احمد عبداللطيف | |
| 245 | 1 | 2 |
_aالجيش والاسطول المصرى فى العصر الاسلامى : _b( 21 - 923م / 641 - 1517م ) / _cمحمد احمد عبداللطيف |
| 250 | _aط1 | ||
| 260 |
_aالاسكندرية : _bدار الوفاء لدنيا الطباعة و النشر، _c2013 . |
||
| 300 |
_a219 ص : _bايض ؛ _c24 سم . |
||
| 504 | _aيشتمل على ارجاعات ببليوجرافية | ||
| 651 | 0 | 7 |
_2qrmak _aالجيش _zمصر |
| 651 | 0 | 7 |
_2qrmak _aالجيش _xتاريخ _zمصر _yالعصر الاسلامى |
| 942 |
_2ddc _cBK |
||
| 999 |
_c67189 _d67189 |
||